00388cam a22001217a 4500008004000000082001400040100001800054245012100072260003500193300001000228500001300238650001500251180718b1960 xxu||||| |||| 00| 0 eng d aL243 L579 aLevy, Michael aIncome tax exmptions: an analysis of the effects of personal exemptions on the income tax structurecby Michael Levy aAmsterdambNorth-Hollandc1960 a148p. aRs.24.75 aIncome Tax